Alibaba và bốn mươi tên cướp

সংরক্ষণ করুন:
গ্রন্থ-পঞ্জীর বিবরন
অন্যান্য লেখক: Lê Thành Lộc, Nguyễn Ngọc Quan
বিন্যাস: Sách giấy
ভাষা:Vietnamese
প্রকাশিত: TP.HCM : Văn nghệ , 2000
ট্যাগগুলো: ট্যাগ যুক্ত করুন
কোনো ট্যাগ নেই, প্রথমজন হিসাবে ট্যাগ করুন!
Thư viện lưu trữ: Thư viện Trường Đại học Đà Lạt
LEADER 00578nam a2200253 4500
001 DLU020017379
005 ##3/27/2001
020 # # |a 978- 
041 # # |a vie 
082 # # |a 398.209 53  |b Ali 
245 # # |a Alibaba và bốn mươi tên cướp 
260 # # |a TP.HCM :  |b Văn nghệ ,  |c 2000 
300 # # |a 208 tr.;   |c 17 cm. 
700 # # |a Lê Thành Lộc 
700 # # |a Nguyễn Ngọc Quan 
992 # # |a 11000 
994 # # |a DLU 
900 # # |a False 
911 # # |a Administrator 
925 # # |a G 
926 # # |a A 
927 # # |a SH 
980 # # |a Thư viện Trường Đại học Đà Lạt